European hotel industry performance 2006 (Record no. 79300)

MARC details
000 -LEADER
fixed length control field 01068cab a22002055a 4500
001 - CONTROL NUMBER
control field L140545
008 - FIXED-LENGTH DATA ELEMENTS--GENERAL INFORMATION
fixed length control field 070927s2007 xxkd s 000 0 eng d
035 ## - SYSTEM CONTROL NUMBER
System control number (Sirsi) u140545
041 0# - LANGUAGE CODE
Language code of text/sound track or separate title eng
100 1# - MAIN ENTRY--PERSONAL NAME
Personal name Geieregger, Elke
245 00 - TITLE STATEMENT
Title European hotel industry performance 2006
260 ## - PUBLICATION, DISTRIBUTION, ETC.
Date of publication, distribution, etc. 2007
490 #0 - SERIES STATEMENT
Series statement Journal of Retail and Leisure Property
Volume/sequential designation 6(3) 263-268(6)
520 ## - SUMMARY, ETC.
Summary, etc. Identifies market trends in hotel values, investment activity and yields in Europe for 2006. Covers mainly four and five star hotels in twenty eight European markets. Finds that 2006 was a breakthrough year for all the markets involved in the study. Total investment value increased from ca €15bn in 2005 to over €20bn in 2006; a 28% increase in transaction values. Expects many markets to continue the upward trend for hotel values in 2007 for a further year, although not at the same rate.
590 ## - LOCAL NOTE (RLIN)
Local note ka
651 #4 - SUBJECT ADDED ENTRY--GEOGRAPHIC NAME
Geographic name Europe
690 ## - LOCAL SUBJECT ADDED ENTRY--TOPICAL TERM (OCLC, RLIN)
Topical term or geographic name as entry element PROPERTY-COMMERCIAL PROPERTY-LEISURE PROPERTY-HOLIDAY AND GUEST PROPERTY-HOTEL PROPERTY
700 1# - ADDED ENTRY--PERSONAL NAME
Personal name Bader, Elana
942 ## - ADDED ENTRY ELEMENTS (KOHA)
Suppress in OPAC 0
Holdings
Withdrawn status Lost status Source of classification or shelving scheme Damaged status Not for loan Home library Current library Shelving location Date acquired Total Checkouts Full call number Barcode Date last seen Copy number Price effective from Koha item type
    Dewey Decimal Classification     London London Journal article 27/09/2007   L140545 140545-1001 06/08/2019 1 06/08/2019 Journal article